000 00568nam a2200229Ia 4500
003 OSt
005 20221005133246.0
006 a|||||r|||| 00| 0
007 ta
008 221004b |||||||| |||| 00| 0 eng d
024 _a105834
037 _cTextual
040 _aCRL
_cCRL
_beng
041 _2eng
_aeng
082 _a9z7, K3
100 _aRow S. Surya
_9623060
245 0 _aWay to end war and Mahatmaji can save the world
260 _c1963
650 _aGENERALIA
942 _h9z7, K3
_cTEXL
_2cc
999 _c1066276
_d1066276